000 00560nam a2200169 i 4500
001 34736
003 ES-MaACL
005 20230906155003.0
007 t|
008 030207s1921 fr ||||1| fre d
100 1 _aBoissonnade, P.
_929875
245 1 0 _aHistoire universelle du travail :
_ble travail dans l'Europe chretienne au moyen age (V-XV siècle) /
_cpar P. Boissonnade.
260 _aParis :
_b[s.n.],
_c1921 (
_eEvreux :
_fCh. Herissey)
300 _aII, 431 p. ;
_c23 cm.
650 4 _aTrabajo-
_zEuropa-
_yS.V-XV.
_917594
852 _aES-MaACL
_jB-5961
999 _c34736
_d34736